000 00280nam a2200121Ia 4500
005 20251222141825.0
008 251222s9999||||xx |||||||||||||| ||spa||
082 _a513/S25
100 _aSantiváñez Marín, José
245 0 _aAritmética
264 _bGrafotécnica
942 _cLIB
999 _c6933
_d6933